000 00646nam a22001937a 4500
005 20251108163337.0
008 250721s1987 xx 000 0 ara d
082 1 4 _a20222ر170/ستر
100 1 _aروجر، ستروجان
245 1 0 _aهل نستطيع تعليم الأخلاق للأطفال /
264 1 _aالقاهرة :
_bالهيئة المصرية العامة للكتاب،
_c1987.
300 _a151ص
490 0 _aالألف كتاب الثاني ؛ 37
650 1 7 _aالأخلاق
650 1 7 _aالأطفال
700 1 _aشيحه، عبد المجيد عبد التواب
_eترجمة
942 _2ddc
_cBK
999 _c305
_d305